Statistics for Capitals of Europe in their Own Language

Click here to take the quiz!

General Stats

  • This quiz has been taken 109 times
    (103 since last reset)
  • The average score is 36 of 45

Answer Stats

CountryCapital% Correct
ItalyRoma
96%
FranceParis
95%
BelgiumBruxelles
94%
GermanyBerlin
93%
BulgariaСофия Sofia
93%
SpainMadrid
93%
NorwayOslo
93%
IrelandBaile Átha Cliath
91%
HungaryBudapest
91%
United KingdomLondon
91%
LatviaRīga
90%
SwedenStockholm
90%
CroatiaZagreb
90%
NetherlandsAmsterdam
89%
FinlandHelsinki
89%
MonacoMonaco
89%
AustriaWien
89%
AndorraAndorra la Vella
88%
SwitzerlandBern
88%
LuxembourgLëtzebuerg
88%
San MarinoSan Marino
86%
EstoniaTallinn
86%
BelarusMinsk
85%
Czech RepublicPraha
84%
IcelandReykjavík
84%
Bosnia & HerzegovinaSarajevo
84%
KosovoPrishtinë
81%
LiechtensteinVaduz
81%
LithuaniaVilnius
81%
MoldovaChişinău
79%
Maltail-Belt Valletta
78%
PortugalLisboa
78%
SloveniaLjubljana
78%
SlovakiaBratislava
77%
RussiaМосква Moskva
75%
MontenegroPodgorica
74%
MacedoniaСкопје Skopje
63%
DenmarkKøbenhavn
63%
SerbiaБеоград Beograd
59%
AlbaniaTiranë
57%
UkraineКиїв Kyiv
54%
Vatican CityCittà del Vaticano
53%
GreeceΑθήνα Athina
46%
PolandWarszawa
44%
RomaniaBucureşti
43%

Score Distribution

Percentile by Number Answered

Percent of People with Each Score

Your Score History

You have not taken this quiz since the last reset